Costo fiscal en la enajenacin̤ de acciones

Bibliographic Details
Other Authors: Trejo Caballero, Juana
Format: Unknown
Language:Spanish
Published: Mx̌ico : Instituto Mexicano de Contadores Pb︢licos, 2008
Subjects:
Online Access:Acceso restringido

MARC

LEADER 00000ny a22000003n 4500
005 20110519144852.0
008 110201s2008 mx s 000 0 spa d
020 |a 9789706653208 
035 |a 5269 
040 |a BUS  |d vLex 
090 |c 66  |d 66 
245 0 0 |a Costo fiscal en la enajenacin̤ de acciones  |h [Recurso electrn̤ico]  |c Juana Trejo Caballero (coord. editorial) 
256 |a Servicio en ln̕ea 
260 |a Mx̌ico :  |b Instituto Mexicano de Contadores Pb︢licos,  |c 2008 
506 1 |a Contenido solo disponible en los productos indicados  |d vLex Global  |d vLex Global (Academic Edition, excluding Law Schools)  |d vLex Global (U.S. Academic Edition, Law Schools)  |d vLex Global (U.S. Academic Edition, excluding Law Schools)  |d vLex Global (Academic Edition, Law Schools) 
650 0 7 |a Finanzas  |2 Tesauro vLex 
650 0 7 |a Derecho fiscal  |2 Tesauro vLex 
700 1 |a Trejo Caballero, Juana 
740 0 |a vLex Libros (Servicios en ln̕ea) 
856 4 0 |u http://vlex.com/source/5269  |z Acceso restringido 
942 |c BOOK 
999 0 |a Finance  |b Mx̌ico